000 00925nas a2200301 4500
001 BR9804258
003 BR-BrBNA
005 20231205101046.0
007 ta
008 230509b bl.|||p| |||| 00| 00por d
040 _aBR-BrBNA
_bpor
_cBiblioteca Nacional de Agricultura
041 _a(Pt)
072 _aF50; F62
100 1 _aImakawa, A.M.
100 1 _aFerraz, I.D.K.
245 1 _aGerminacao e caracteristicas biometricas de Cariniana micrantha Ducke (Lecythidaceae)na Amazonia Central
650 _aBiometria
650 _aMorfologia Vegetal
650 _aSemente
650 _aFruto
650 _aGerminacao
650 _aTemperatura
650 _aDicotiledonea
650 _aLecythidaceae
773 0 _tBoletim do Museu Paraense Emilio Goeldi. Serie Botanica (Brazil)
_xISSN 0077-2216
_g(Jul 1995), v. 11(1) p. 27-41
_wBR9804258
909 _a202311
_bLúcia
_c55
_dLúcia Elande
942 _2AGRIS
_n0
_cANA
999 _c159484
_d159484